000 00614nam a22001937a 4500
005 20210419060336.0
008 201117s ||||| |||| 00| 0 ger d
020 _a9783195119016
040 _cDLC
080 _a811.112.2
_bG-51
100 _954
_aGlas-Peters Sabine
245 _aMenschen: Deutsch als Fremdsprache Arbeitsbuch : Level A1.2
_c/ by Huber Verlag. Authors Sabine Glas-Peters, Angela Pude, Monika Reimann
300 _a108 p.
_b1 CD
650 _2German Language
653 _aგერმანული ენა
700 _955
_aReimann Monika
700 _952
_aPude Angela
942 _2udc
_cBK
999 _c255
_d255